Paroles - Si j'étais président - Gérard Lenorman - Statistiques

Statistiques générales
  • Ce quiz a été pris 154 fois
  • Le résultat moyen est 189 sur 267
Statistiques - réponses
Réponse % Correct
Je
100%
Si
100%
de
99%
De
99%
président
99%
président ?
99%
la
98%
j'étais
97%
République
97%
république
97%
à
94%
Un
93%
un
93%
ministre
91%
au
89%
Au
89%
et
89%
Et
89%
Mickey
89%
se
89%
en
88%
le
88%
premier
87%
triste
86%
une
86%
enfant
85%
plus
85%
serai
85%
des
84%
finances
84%
aux
82%
Picsou
82%
Il
81%
Jamais
81%
jamais
81%
me
81%
petit
81%
mon
80%
nommerais
79%
garçon
78%
gouvernement
78%
peu
78%
sûr
78%
sur
78%
bien
76%
Dans
76%
ce
75%
était
75%
pensée
74%
dis
73%
fois
73%
Minnie
73%
n'aurait
73%
regard
73%
les
72%
moi
72%
artistes
71%
blond
71%
l'entrée
69%
lui
69%
que
69%
Tintin
69%
danse
68%
police
67%
ne
66%
tu
66%
évidence
65%
semble
65%
Est
64%
serais
64%
simplement
64%
culture
63%
magique
63%
phrase
63%
attendait
62%
On
62%
serait
62%
comme
61%
justice
61%
content
59%
enfants
58%
Pour
57%
pour
57%
l'écologie
56%
l'industrie
53%
toutes
53%
Bécassine
52%
Coluche
52%
ferait
52%
rigolade
51%
Maya
50%
Tarzan
50%
commerce
49%
pas
49%
Pas
49%
petits
49%
Vous
48%
vous
48%
Zorro
48%
Mais
47%
fontaines
46%
musique
46%
aimer
45%
disco
45%
grands
45%
mes
45%
nous
45%
pâtisseries
45%
coups
44%
Simplet
44%
guerre
43%
jours
43%
marrants
43%
t'étais
43%
ça
42%
Ça
42%
super
42%
notre
41%
pique-nique
41%
publique
41%
trucs
41%
besoin
40%
d'être
40%
faire
40%
irait
40%
l'orangeade
40%
vers
40%
avant
39%
coulerait
39%
conseil
38%
copains
38%
politique
38%
Rien
38%
atomique
37%
discours
37%
l'ambiance
37%
tes
37%
vraiment
37%
déclarerais
36%
êtes
36%
nuit
36%
pratique
36%
sympathiques
36%
bord
35%
diplomatique
35%
néant
35%
comptez
34%
corps
34%
esplanades
34%
malins
34%
rythmique
34%
manèges
33%
s'éclaterait
33%
temps
32%
sans
31%
Imposerait
30%
pourrait
30%
rigoler
30%
J'écrirais
28%
Opposition
28%
beau
27%
chahuter
27%
recevrais
27%
risques
27%
Aucun quiz correspondant
Distribution des résultats
% des personnes avec chaque résultat
Percentile par nombre de réponses
Votre historique - résultats
Vous n’avez pas pris ce quiz